| 000 | 00349nam a2200145Ia 4500 | ||
|---|---|---|---|
| 008 | 150201s2011 xx 000 0 und d | ||
| 082 |
_a612 _bU11B |
||
| 100 | _aBIJLANI, R.L. | ||
| 245 | _aUNDERSTANDING MEDICAL PHYSIOLOGY | ||
| 250 | _a4TH | ||
| 260 |
_bJAYPEE _aDELHI _c2011 |
||
| 300 | _a1-810 | ||
| 650 | _aHUMAN PHYSIOLOGY | ||
| 942 |
_2ddc _cBK _05 |
||
| 999 |
_c1377 _d1377 |
||